| Tag |
First Indicator |
Second Indicator |
Subfields |
| LEADER |
00000cam a22000005i 4500 |
| 001 |
in00003730021 |
| 005 |
20210728125957.0 |
| 006 |
m o d |
| 007 |
cr nn 008mamaa |
| 008 |
151203s2007 xxk| o |||| 0|eng d |
| 020 |
|
|
|a 9780230597877
|9 978-0-230-59787-7
|
| 024 |
7 |
|
|a 10.1057/9780230597877
|2 doi
|
| 035 |
|
|
|a (DE-He213)978-0-230-59787-7
|
| 035 |
|
|
|a 5308605
|
| 040 |
|
|
|d UtOrBLW
|
| 072 |
|
7 |
|a BUS041000
|2 bisacsh
|
| 072 |
|
7 |
|a KJM
|2 bicssc
|
| 082 |
0 |
4 |
|a 658
|2 23
|
| 090 |
|
|
|a HC59.72.I55
|b L355 2007
|
| 100 |
1 |
|
|a Lal, Kaushalesh,
|e author.
|
| 245 |
1 |
0 |
|a Information and Communication Technologies in the Context of Globalization :
|b Evidence from Developing Countries /
|c by Kaushalesh Lal.
|
| 264 |
|
1 |
|a London :
|b Palgrave Macmillan UK :
|b Imprint: Palgrave Macmillan,
|c 2007.
|
| 300 |
|
|
|a 1 online resource (XI, 227 pages)
|
| 336 |
|
|
|a text
|b txt
|2 rdacontent
|
| 337 |
|
|
|a computer
|b c
|2 rdamedia
|
| 338 |
|
|
|a online resource
|b cr
|2 rdacarrier
|
| 347 |
|
|
|a text file
|b PDF
|2 rda
|
| 500 |
|
|
|a Electronic resource.
|
| 520 |
|
|
|a This book focuses on the adoption of new technologies led by information and communication technologies by SMEs in developing countries. It identifies several factors that augment competitiveness of firms in the era of globalization. Contrary to the general belief these factors are not uniform across developing world. Based on the empirical evidence from firms located in Malaysia, India, Nigeria, Jamaica, and Costa Rica, the study concludes that firms cannot remain competitive without institutional support. Since firms operate in different institutional and economic environment, form of support varies from one country to another.
|
| 650 |
1 |
4 |
|a Business and Management.
|
| 650 |
2 |
4 |
|a Development Economics.
|
| 650 |
2 |
4 |
|a Globalization.
|
| 650 |
2 |
4 |
|a International Economics.
|
| 650 |
2 |
4 |
|a Management.
|
| 650 |
|
0 |
|a Business.
|0 http://id.loc.gov/authorities/subjects/sh85018260
|
| 650 |
|
0 |
|a Development economics.
|0 http://id.loc.gov/authorities/subjects/sh94005272
|
| 650 |
|
0 |
|a Globalization.
|0 http://id.loc.gov/authorities/subjects/sh99010179
|
| 650 |
|
0 |
|a International economic relations.
|0 http://id.loc.gov/authorities/subjects/sh85067395
|
| 650 |
|
0 |
|a Management.
|0 http://id.loc.gov/authorities/subjects/sh85080336
|
| 655 |
|
7 |
|a Electronic books.
|2 local
|
| 710 |
2 |
|
|a SpringerLink (Online service)
|0 http://id.loc.gov/authorities/names/no2005046756
|
| 773 |
0 |
|
|t Springer eBooks
|
| 776 |
1 |
8 |
|i Printed edition:
|z 9781349359813
|
| 856 |
4 |
0 |
|u http://proxy.library.tamu.edu/login?url=https://dx.doi.org/10.1057/9780230597877
|z Connect to the full text of this electronic book
|t 0
|
| 999 |
f |
f |
|s fbaae813-dfbe-317e-a5e1-40e558f19aed
|i 78e2d917-fc2d-3718-b100-5b62c8de17ac
|t 0
|
| 952 |
f |
f |
|a Texas A&M University
|b College Station
|c Electronic Resources
|d Available Online
|t 0
|e HC59.72.I55 L355 2007
|h Library of Congress classification
|
| 998 |
f |
f |
|a HC59.72.I55 L355 2007
|t 0
|l Available Online
|